| 000 | 01278nam0a2200361 4500 | ||
|---|---|---|---|
| 001 | RU\NLR\BIBL_A\016301407 | ||
| 005 | 20230404094540.0 | ||
| 010 |
_a978-5-6048361-5-6 _910000 |
||
| 021 |
_aRU _bКН-П-23-004856 _9КН-П-23-0464 |
||
| 035 | _a(NLR Aleph) 016301407 | ||
| 035 | _a(RuMoRGB)011563477 | ||
| 090 |
_a12974921 _c12974921 |
||
| 100 | _a20230302d2023 u y0rusy50 ca | ||
| 101 | 1 |
_arus _ceng |
|
| 102 | _aRU | ||
| 105 | _aa|||z|||000ay | ||
| 181 | 0 |
_ai _baxxe |
|
| 182 | 0 | _an | |
| 200 | 1 |
_aСожгите наши тела _e[роман] _fРори Пауэр _gперевела с английского Марина Давыдова |
|
| 203 |
_aТекст _bвизуальный _cнепосредственный |
||
| 210 |
_aМосква _cPopcorn books _d2023 |
||
| 215 |
_a301, [2] с. _cил. _d21 |
||
| 225 | 1 | _aСерия Rebel | |
| 300 | _aКн. содержит нецензурную брань | ||
| 333 | _a18+ | ||
| 675 |
_a821.111(73)-31 _v4 |
||
| 686 | 1 | _aШ6(7США)67-445{Лх1979-62} | |
| 700 | 1 |
_7ca _8rus _aПауэр _bР. _gРори _9222432 _3RU\NLR\AUTH\770222488 |
|
| 942 | _cBOOK | ||
| 980 | _aNB | ||